[Event "Karvina op"]
[Site "Karvina"]
[Date "2015.06.28"]
[Round "2"]
[White "Snopek, Jiri"]
[Black "Novak, Jan2222"]
[Result "1/2-1/2"]
[WhiteElo "1767"]
[BlackElo "1365"]
[PlyCount "84"]
[EventDate "2015.06.27"]
[EventType "swiss"]
[EventRounds "9"]
[EventCountry "CZE"]
[SourceTitle "CBM 167 Extra"]
[Source "ChessBase"]
[SourceDate "2015.09.14"]
[SourceVersion "1"]
[SourceVersionDate "2015.09.14"]
[SourceQuality "1"]

1. Nf3 Nc6 2. d4 d5 3. Bf4 Bf5 4. e3 e6 5. a3 Bd6 6. Bg3 Nf6 7. c4 Bxg3 8. hxg3 Ne7 9. Nc3 c6 10. Bd3 dxc4 11. Bxc4 Qb6 12. Qe2 Ned5 13. 0-0 Nxc3 14. bxc3 Qa5 15. Qb2 b5 16. Be2 0-0 17. Ne5 Qc7 18. Rfc1 Nd7 19. Nf3 e5 20. c4 e4 21. Nd2 bxc4 22. Bxc4 Rab8 23. Qc3 Nf6 24. a4 Rfd8 25. Rab1 Qd7 26. Be2 Rxb1 27. Rxb1 h6 28. Qc5 Be6 29. Ba6 Bd5 30. Rb7 Qf5 31. Be2 Rd7 32. Rb8+ Kh7 33. Qf8 g5 34. Qh8+ Kg6 35. Nf1 Ng4 36. Rg8+ Kh5 37. Bxg4+ Qxg4 38. Qf6 Qe6 39. Qh8 Rb7 40. Rb8 Rc7 41. Nh2 f5 42. Rf8 Rf7 1/2-1/2

[Event "Karvina op"]
[Site "Karvina"]
[Date "2015.06.27"]
[Round "1"]
[White "Lys, Josef"]
[Black "Snopek, Jiri"]
[Result "1-0"]
[WhiteElo "2160"]
[BlackElo "1767"]
[PlyCount "57"]
[EventDate "2015.06.27"]
[EventType "swiss"]
[EventRounds "9"]
[EventCountry "CZE"]
[SourceTitle "CBM 167 Extra"]
[Source "ChessBase"]
[SourceDate "2015.09.14"]
[SourceVersion "1"]
[SourceVersionDate "2015.09.14"]
[SourceQuality "1"]

1. d4 d5 2. c4 dxc4 3. e3 Nf6 4. Bxc4 e6 5. Nc3 a6 6. a4 Nbd7 7. Nf3 Be7 8. 0-0 0-0 9. e4 Nb6 10. Bb3 c5 11. a5 cxd4 12. Nxd4 Nbd7 13. Bxe6 Bc5 14. Bd5 h6 15. Bf4 Nxd5 16. Nxd5 Nf6 17. Bc7 Qd7 18. Nxf6+ gxf6 19. Nf5 Qxd1 20. Raxd1 Kh7 21. Bd6 Bxd6 22. Rxd6 Be6 23. Rb6 Rfd8 24. Nd6 Rd7 25. Nxb7 Rc8 26. b4 Bc4 27. Re1 Be6 28. Rf1 Bc4 29. Re1 1-0

[Event "Orlova op-A 11th"]
[Site "Orlova"]
[Date "2014.05.30"]
[Round "5"]
[White "Neumann, Filip"]
[Black "Snopek, Jiri"]
[Result "1/2-1/2"]
[WhiteElo "1370"]
[BlackElo "1835"]
[PlyCount "47"]
[EventDate "2014.05.26"]
[EventType "swiss"]
[EventRounds "9"]
[EventCountry "CZE"]
[SourceTitle "CBM 160 Extra"]
[Source "ChessBase"]
[SourceDate "2014.07.01"]
[SourceVersion "1"]
[SourceVersionDate "2014.07.01"]
[SourceQuality "1"]

1. e4 c6 2. d4 d5 3. exd5 cxd5 4. c4 Nf6 5. Nc3 e6 6. Nf3 Nc6 7. Be2 Be7 8. 0-0 0-0 9. b3 a6 10. Bb2 b6 11. Re1 Bb7 12. Bf1 Rc8 13. Rc1 Ne5 14. Nb1 Ne4 15. Nbd2 Bb4 16. Re3 Qf6 17. Nxe4 dxe4 18. Nd2 Qf5 19. Qc2 Bxd2 20. Qxd2 Nc6 21. Rd1 Rcd8 22. Qc2 Nb4 23. Qb1 a5 24. a3 1/2-1/2

[Event "Orlova op-A 11th"]
[Site "Orlova"]
[Date "2014.05.29"]
[Round "4"]
[White "Snopek, Jiri"]
[Black "Zebrowski, Adam"]
[Result "0-1"]
[WhiteElo "1835"]
[BlackElo "1518"]
[PlyCount "70"]
[EventDate "2014.05.26"]
[EventType "swiss"]
[EventRounds "9"]
[EventCountry "CZE"]
[SourceTitle "CBM 160 Extra"]
[Source "ChessBase"]
[SourceDate "2014.07.01"]
[SourceVersion "1"]
[SourceVersionDate "2014.07.01"]
[SourceQuality "1"]

1. Nf3 d5 2. c4 e6 3. g3 Nf6 4. Bg2 Bd6 5. d4 Bb4+ 6. Nbd2 dxc4 7. a3 Ba5 8. 0-0 Nc6 9. Nxc4 Bb6 10. e3 0-0 11. b4 a6 12. Nxb6 cxb6 13. Bb2 Bd7 14. Nd2 Rc8 15. Rc1 Ne7 16. e4 Bb5 17. Qe2 Rxc1 18. Bxc1 Bd3 19. Qe1 Bxf1 20. Bxf1 Qxd4 21. Nc4 Rd8 22. Bb2 Qxe4 23. Bc3 Ned5 24. Qd2 Rc8 25. Bd3 Qg4 26. Ne5 Qh5 27. f4 Ng4 28. Nxg4 Qxg4 29. Be2 Qg6 30. Bd3 Qh6 31. Qe1 Qh5 32. Be4 Nxf4 33. gxf4 Qg4+ 34. Kh1 Qxf4 35. Bxb7 Rxc3 0-1

[Event "Orlova op-A 11th"]
[Site "Orlova"]
[Date "2014.05.28"]
[Round "3"]
[White "Drozniak, Stanislaw"]
[Black "Snopek, Jiri"]
[Result "1/2-1/2"]
[WhiteElo "1476"]
[BlackElo "1835"]
[PlyCount "53"]
[EventDate "2014.05.26"]
[EventType "swiss"]
[EventRounds "9"]
[EventCountry "CZE"]
[SourceTitle "CBM 160 Extra"]
[Source "ChessBase"]
[SourceDate "2014.07.01"]
[SourceVersion "1"]
[SourceVersionDate "2014.07.01"]
[SourceQuality "1"]

1. e4 c6 2. d4 d5 3. Nc3 dxe4 4. Nxe4 Nd7 5. Nf3 Ngf6 6. Nxf6+ Nxf6 7. Ne5 e6 8. Bd3 Bd6 9. Bg5 h6 10. Bh4 Be7 11. c3 Nd7 12. Bxe7 Qxe7 13. Qe2 a6 14. a4 c5 15. Nxd7 Bxd7 16. dxc5 Qxc5 17. 0-0 Bc6 18. Be4 0-0 19. Rfd1 Rad8 20. Qf3 Bxe4 21. Qxe4 Qb6 22. Qb4 Qc6 23. Rd4 Rd5 24. Rad1 Rfd8 25. Rxd5 Rxd5 26. Rxd5 Qxd5 27. h3 1/2-1/2

[Event "Orlova op-A 11th"]
[Site "Orlova"]
[Date "2014.05.27"]
[Round "2"]
[White "Snopek, Jiri"]
[Black "Lys, Josef"]
[Result "0-1"]
[WhiteElo "1835"]
[BlackElo "2214"]
[PlyCount "36"]
[EventDate "2014.05.26"]
[EventType "swiss"]
[EventRounds "9"]
[EventCountry "CZE"]
[SourceTitle "CBM 160 Extra"]
[Source "ChessBase"]
[SourceDate "2014.07.01"]
[SourceVersion "1"]
[SourceVersionDate "2014.07.01"]
[SourceQuality "1"]

1. Nf3 d5 2. c4 c6 3. b3 Bg4 4. Bb2 e6 5. d3 Nf6 6. Qc2 Nbd7 7. Nbd2 Be7 8. e4 0-0 9. h3 Bxf3 10. Nxf3 Bb4+ 11. Nd2 dxe4 12. dxe4 Bxd2+ 13. Qxd2 Nxe4 14. Qd4 Qa5+ 15. Ke2 Ndf6 16. Qe3 Rad8 17. Bxf6 Rd2+ 18. Kf3 Qf5+ 0-1

[Event "Karvina op"]
[Site "Karvina"]
[Date "2013.07.06"]
[Round "8"]
[White "Kusak, Lubomir"]
[Black "Snopek, Jiri"]
[Result "1/2-1/2"]
[WhiteElo "1686"]
[BlackElo "1869"]
[PlyCount "30"]
[EventDate "2013.06.29"]
[EventType "swiss"]
[EventRounds "9"]
[EventCountry "CZE"]
[SourceTitle "CBM 155 Extra"]
[Source "ChessBase"]
[SourceDate "2013.08.26"]
[SourceVersion "1"]
[SourceVersionDate "2013.08.26"]
[SourceQuality "1"]

1. e4 c6 2. d4 d5 3. e5 Bf5 4. Bd3 Bxd3 5. Qxd3 e6 6. Ne2 c5 7. 0-0 cxd4 8. Nxd4 a6 9. c4 Nc6 10. Nf3 Nge7 11. Bg5 h6 12. Bh4 dxc4 13. Qxc4 Qd5 14. Qxd5 Nxd5 15. Nbd2 Be7 1/2-1/2

[Event "Karvina op"]
[Site "Karvina"]
[Date "2013.07.05"]
[Round "7"]
[White "Snopek, Jiri"]
[Black "Stehlik, Jiri1111"]
[Result "0-1"]
[WhiteElo "1869"]
[BlackElo "1986"]
[PlyCount "74"]
[EventDate "2013.06.29"]
[EventType "swiss"]
[EventRounds "9"]
[EventCountry "CZE"]
[SourceTitle "CBM 155 Extra"]
[Source "ChessBase"]
[SourceDate "2013.08.26"]
[SourceVersion "1"]
[SourceVersionDate "2013.08.26"]
[SourceQuality "1"]

1. Nf3 d5 2. c4 d4 3. d3 c5 4. g3 Nc6 5. Bg2 e5 6. 0-0 Bd6 7. Re1 Nge7 8. Ng5 Ng6 9. Ne4 Be7 10. Na3 f5 11. Nd2 0-0 12. Nc2 Be6 13. a3 a5 14. Rb1 Qd7 15. Nf3 h6 16. h4 Rae8 17. Bd2 Bd6 18. h5 Nh8 19. b4 axb4 20. axb4 Bf7 21. bxc5 Bxc5 22. Rb5 b6 23. Nh4 Bxh5 24. Bxc6 Qxc6 25. Nb4 Qd6 26. Qb3 g5 27. Ng2 Ra8 28. Nc2 Be8 29. Rb1 Bxb5 30. cxb5+ Kg7 31. Nb4 Rf7 32. Na6 Ng6 33. Nxc5 bxc5 34. b6 Rb7 35. Qb5 Nf8 36. f4 exf4 37. gxf4 Ra2 0-1

[Event "Karvina op"]
[Site "Karvina"]
[Date "2013.07.02"]
[Round "4"]
[White "Szotkowski, David"]
[Black "Snopek, Jiri"]
[Result "0-1"]
[WhiteElo "1317"]
[BlackElo "1869"]
[PlyCount "50"]
[EventDate "2013.06.29"]
[EventType "swiss"]
[EventRounds "9"]
[EventCountry "CZE"]
[SourceTitle "CBM 155 Extra"]
[Source "ChessBase"]
[SourceDate "2013.08.26"]
[SourceVersion "1"]
[SourceVersionDate "2013.08.26"]
[SourceQuality "1"]

1. e4 c6 2. d4 d5 3. exd5 cxd5 4. Nc3 Nf6 5. Bf4 a6 6. Nf3 Nc6 7. Be2 Bf5 8. 0-0 e6 9. Ne5 Rc8 10. Bg4 Nxg4 11. Nxg4 Qb6 12. Re1 Be7 13. Ne5 Qxd4 14. Qxd4 Nxd4 15. Rad1 Nc6 16. Nd3 0-0 17. a3 b5 18. Re2 Rfd8 19. Rde1 b4 20. axb4 Nxb4 21. Nxb4 Bxb4 22. Be5 d4 23. Rd1 dxc3 24. Rxd8+ Rxd8 25. h3 Rd2 0-1

[Event "Karvina op"]
[Site "Karvina"]
[Date "2013.06.30"]
[Round "2"]
[White "Zimniokova, Marketa"]
[Black "Snopek, Jiri"]
[Result "1/2-1/2"]
[WhiteElo "1533"]
[BlackElo "1869"]
[PlyCount "32"]
[EventDate "2013.06.29"]
[EventType "swiss"]
[EventRounds "9"]
[EventCountry "CZE"]
[SourceTitle "CBM 155 Extra"]
[Source "ChessBase"]
[SourceDate "2013.08.26"]
[SourceVersion "1"]
[SourceVersionDate "2013.08.26"]
[SourceQuality "1"]

1. d4 d5 2. Nc3 e6 3. e4 dxe4 4. Nxe4 Nf6 5. Bg5 Be7 6. Bxf6 Bxf6 7. Nxf6+ Qxf6 8. Nf3 0-0 9. Bc4 Nd7 10. 0-0 e5 11. dxe5 Nxe5 12. Nxe5 Qxe5 13. Re1 Qf6 14. Qe2 Qg6 15. Bd3 Bf5 16. Bxf5 Qxf5 1/2-1/2

[Event "Orlova op 10th"]
[Site "Orlova"]
[Date "2013.05.19"]
[Round "7"]
[White "Snopek, Jiri"]
[Black "Melzer, Petr"]
[Result "1-0"]
[WhiteElo "1906"]
[BlackElo "1587"]
[PlyCount "59"]
[EventDate "2013.05.13"]
[EventType "swiss"]
[EventRounds "9"]
[EventCountry "CZE"]
[SourceTitle "CBM 154 Extra"]
[Source "ChessBase"]
[SourceDate "2013.06.25"]
[SourceVersion "2"]
[SourceVersionDate "2013.06.25"]
[SourceQuality "1"]

1. Nf3 Nf6 2. c4 e6 3. b3 b6 4. g3 Bb7 5. Bg2 g6 6. Bb2 Bg7 7. 0-0 0-0 8. d4 d5 9. Nbd2 Nbd7 10. Rc1 Rc8 11. b4 dxc4 12. Nxc4 Re8 13. b5 Ne4 14. a4 Nd6 15. Nce5 c5 16. bxc6 Nxe5 17. Nxe5 Ba8 18. Ba3 Bxe5 19. dxe5 Nf5 20. Qd7 Nd4 21. Rc4 Nxc6 22. Qxd8 Rexd8 23. Rfc1 Ne7 24. Bxe7 Rxc4 25. Rxc4 Rd1+ 26. Bf1 Bb7 27. Bg5 Ba6 28. Rc2 Kf8 29. Rd2 Bxe2 30. Rxe2 1-0

[Event "Karvina op"]
[Site "Karvina"]
[Date "2011.07.03"]
[Round "2"]
[White "Snopek, Jiri"]
[Black "Pakhomov, Alexey"]
[Result "0-1"]
[WhiteElo "1940"]
[BlackElo "2404"]
[PlyCount "48"]
[EventDate "2011.07.02"]
[EventType "swiss"]
[EventRounds "9"]
[EventCountry "CZE"]
[SourceTitle "CBM 143 Extra"]
[Source "ChessBase"]
[SourceDate "2011.08.29"]
[SourceVersion "1"]
[SourceVersionDate "2011.08.29"]
[SourceQuality "1"]

1. Nf3 d5 2. c4 e6 3. g3 c6 4. Bg2 Bd6 5. b3 f5 6. Bb2 Nf6 7. 0-0 0-0 8. d3 Qe7 9. Nbd2 e5 10. Qc2 Na6 11. d4 e4 12. Ne5 Ng4 13. Nxg4 fxg4 14. c5 Bc7 15. Qc3 Bf5 16. b4 Rae8 17. e3 Bb8 18. a4 Nc7 19. Ba3 Ne6 20. Nb3 Ng5 21. b5 Nf3+ 22. Kh1 Rf6 23. Na5 Rh6 24. Bxf3 gxf3 0-1

[Event "Ostrava op"]
[Site "Ostrava"]
[Date "2010.05.03"]
[Round "3"]
[White "Hladik, Oto"]
[Black "Snopek, Jiri"]
[Result "1/2-1/2"]
[WhiteElo "2215"]
[BlackElo "1945"]
[PlyCount "38"]
[EventDate "2010.05.01"]
[EventType "swiss"]
[EventRounds "9"]
[EventCountry "CZE"]
[SourceTitle "EXT 2011"]
[Source "ChessBase"]
[SourceDate "2010.11.26"]
[SourceVersion "1"]
[SourceVersionDate "2010.11.26"]
[SourceQuality "1"]

1. e4 c6 2. Nc3 d5 3. Nf3 Bg4 4. h3 Bh5 5. exd5 cxd5 6. Bb5+ Nc6 7. g4 Bg6 8. Ne5 Rc8 9. d4 e6 10. h4 f6 11. Nxg6 hxg6 12. a3 Bd6 13. Be3 Nge7 14. Qe2 Kf7 15. h5 gxh5 16. gxh5 Nf5 17. Bd3 Nce7 18. Nb5 Bb8 19. 0-0-0 a6 1/2-1/2

[Event "Ostrava op"]
[Site "Ostrava"]
[Date "2010.05.02"]
[Round "2"]
[White "Snopek, Jiri"]
[Black "Klus, Milan"]
[Result "1-0"]
[WhiteElo "1945"]
[BlackElo "1605"]
[PlyCount "91"]
[EventDate "2010.05.01"]
[EventType "swiss"]
[EventRounds "9"]
[EventCountry "CZE"]
[SourceTitle "EXT 2011"]
[Source "ChessBase"]
[SourceDate "2010.11.26"]
[SourceVersion "1"]
[SourceVersionDate "2010.11.26"]
[SourceQuality "1"]

1. Nf3 d5 2. c4 dxc4 3. e3 Nf6 4. Bxc4 e6 5. 0-0 Nbd7 6. d4 Nb6 7. Bb3 Bd7 8. Nc3 c5 9. Qe2 cxd4 10. exd4 Be7 11. Ne5 0-0 12. Bg5 Re8 13. Rad1 Nfd5 14. Bxe7 Rxe7 15. Rfe1 Nxc3 16. bxc3 Qc7 17. c4 Rae8 18. Rc1 a5 19. Qd1 Bc8 20. Qh5 Nd7 21. Ng4 Qf4 22. Rcd1 Nf6 23. Nxf6+ Qxf6 24. Qxa5 g6 25. Qe5 Qxe5 26. dxe5 Rc7 27. Rd6 Ree7 28. Red1 Bd7 29. f4 Kg7 30. g3 h6 31. h4 Bc6 32. Kf2 Red7 33. Ke3 Kf8 34. c5 Ke7 35. Kd4 Rc8 36. Rd2 Ra8 37. Kc3 Ra5 38. Kb4 Rb5+ 39. Kc4 Ra5 40. Rb2 Ra8 41. Kb4 f6 42. Rxe6+ Kd8 43. exf6 Rd3 44. Rd6+ Rxd6 45. cxd6 Kd7 46. Rd2 1-0

[Event "Ostrava op"]
[Site "Ostrava"]
[Date "2010.05.01"]
[Round "1"]
[White "Sumbera, Antonin"]
[Black "Snopek, Jiri"]
[Result "1/2-1/2"]
[WhiteElo "1620"]
[BlackElo "1945"]
[PlyCount "49"]
[EventDate "2010.05.01"]
[EventType "swiss"]
[EventRounds "9"]
[EventCountry "CZE"]
[SourceTitle "EXT 2011"]
[Source "ChessBase"]
[SourceDate "2010.11.26"]
[SourceVersion "1"]
[SourceVersionDate "2010.11.26"]
[SourceQuality "1"]

1. d4 d5 2. c4 dxc4 3. e3 e6 4. Bxc4 Nf6 5. Nc3 a6 6. Nf3 c5 7. 0-0 b5 8. Bb3 Bb7 9. Qe2 Nbd7 10. Rd1 Qc7 11. Bd2 Bd6 12. h3 0-0 13. dxc5 Nxc5 14. Bc2 Rad8 15. Rac1 Qb8 16. b4 Nce4 17. Nxe4 Nxe4 18. Bxe4 Bxe4 19. a3 Qb7 20. Bc3 Bxf3 21. Qxf3 Qxf3 22. gxf3 Be7 23. Bd4 Rc8 24. Bc5 Bxc5 25. Rxc5 1/2-1/2

[Event "Orlova op 6th"]
[Site "Orlova"]
[Date "2009.05.29"]
[Round "8"]
[White "Ganaus, Hannes"]
[Black "Snopek, Jiri"]
[Result "1-0"]
[WhiteElo "2235"]
[BlackElo "1927"]
[PlyCount "77"]
[EventDate "2009.05.23"]
[EventType "swiss"]
[EventRounds "9"]
[EventCountry "CZE"]
[SourceTitle "EXT 2012"]
[Source "ChessBase"]
[SourceDate "2011.11.24"]
[SourceVersion "1"]
[SourceVersionDate "2011.11.24"]
[SourceQuality "1"]

1. d4 d5 2. c4 dxc4 3. e3 Nf6 4. Bxc4 e6 5. Nf3 a6 6. 0-0 c5 7. dxc5 Qxd1 8. Rxd1 Bxc5 9. b3 b5 10. Be2 Bb7 11. Bb2 Nbd7 12. Nbd2 0-0 13. Rac1 Rac8 14. a3 Rfd8 15. Kf1 h6 16. b4 Ba7 17. Nb3 Bd5 18. Na5 Bb6 19. Nd2 Bxa5 20. bxa5 e5 21. f3 Ne8 22. Bc3 Rc7 23. Bb4 Rdc8 24. Rxc7 Rxc7 25. Kf2 f5 26. e4 Be6 27. Nb1 Nc5 28. Nc3 Nb3 29. Rd8 Kf7 30. Ra8 Bc8 31. Nd5 Rc2 32. Ke3 Nd4 33. Bd3 Rc1 34. Bc3 Nd6 35. Ra7+ Kg6 36. Ne7+ Kh7 37. Bxd4 exd4+ 38. Kxd4 Bb7 39. e5 1-0

[Event "Ostrava op"]
[Site "Ostrava"]
[Date "2009.05.10"]
[Round "9"]
[White "Snopek, Jiri"]
[Black "Brhlik, Antonin"]
[Result "0-1"]
[WhiteElo "1840"]
[BlackElo "1685"]
[PlyCount "66"]
[EventDate "2009.05.02"]
[EventType "swiss"]
[EventRounds "9"]
[EventCountry "CZE"]
[SourceTitle "EXT 2011"]
[Source "ChessBase"]
[SourceDate "2010.11.26"]
[SourceVersion "1"]
[SourceVersionDate "2010.11.26"]
[SourceQuality "1"]

1. Nf3 Nf6 2. c4 g6 3. g3 Bg7 4. Bg2 0-0 5. 0-0 d6 6. d4 Nbd7 7. Nc3 a5 8. e4 e5 9. d5 Nc5 10. Qe2 c6 11. Bg5 a4 12. Rfd1 h6 13. Bd2 Kh7 14. Ne1 Ne8 15. Be3 Qa5 16. Nd3 Nxd3 17. Qxd3 c5 18. f4 f5 19. Rf1 Bd7 20. Rae1 Rb8 21. h4 b5 22. h5 bxc4 23. hxg6+ Kh8 24. Qc2 a3 25. fxe5 Rxb2 26. Qc1 Bxe5 27. Nd1 Rxa2 28. g4 f4 29. Bxf4 Bxf4 30. Rxf4 Qxe1+ 31. Kh2 Qh4+ 32. Kg1 Rxf4 33. Qxf4 Rxg2+ 0-1

[Event "Ostrava op"]
[Site "Ostrava"]
[Date "2009.05.09"]
[Round "8"]
[White "Fiala, Radovan"]
[Black "Snopek, Jiri"]
[Result "1/2-1/2"]
[WhiteElo "1725"]
[BlackElo "1840"]
[PlyCount "26"]
[EventDate "2009.05.02"]
[EventType "swiss"]
[EventRounds "9"]
[EventCountry "CZE"]
[SourceTitle "EXT 2011"]
[Source "ChessBase"]
[SourceDate "2010.11.26"]
[SourceVersion "1"]
[SourceVersionDate "2010.11.26"]
[SourceQuality "1"]

1. d4 d5 2. c4 e6 3. Nc3 Nf6 4. Bg5 Be7 5. Nf3 c6 6. e3 Nbd7 7. Bd3 h6 8. Bh4 0-0 9. 0-0 b6 10. Qe2 Bb7 11. cxd5 exd5 12. a3 c5 13. b3 Ne4 1/2-1/2

[Event "Ostrava op"]
[Site "Ostrava"]
[Date "2009.05.08"]
[Round "7"]
[White "Snopek, Jiri"]
[Black "Melzer, Petr"]
[Result "1/2-1/2"]
[WhiteElo "1840"]
[BlackElo "1710"]
[PlyCount "60"]
[EventDate "2009.05.02"]
[EventType "swiss"]
[EventRounds "9"]
[EventCountry "CZE"]
[SourceTitle "EXT 2011"]
[Source "ChessBase"]
[SourceDate "2010.11.26"]
[SourceVersion "1"]
[SourceVersionDate "2010.11.26"]
[SourceQuality "1"]

1. Nf3 d5 2. c4 c6 3. b3 Nf6 4. g3 g6 5. Bb2 Bg7 6. Bg2 Qb6 7. Qc2 Bf5 8. d3 0-0 9. 0-0 Na6 10. Nbd2 Rad8 11. a3 Nb8 12. Rac1 Rc8 13. Nh4 Be6 14. c5 Qc7 15. h3 Qd7 16. Kh2 b6 17. b4 Qc7 18. e4 dxe4 19. dxe4 Rfd8 20. f4 Nh5 21. Bxg7 Nxg7 22. Ndf3 f6 23. Rfe1 Rd7 24. Rcd1 Rcd8 25. cxb6 axb6 26. Bf1 Rxd1 27. Rxd1 Rxd1 28. Qxd1 Qd6 29. Qxd6 exd6 30. Nd4 Bd7 1/2-1/2

[Event "Ostrava op"]
[Site "Ostrava"]
[Date "2009.05.05"]
[Round "4"]
[White "Kwiatkowski, Zygmunt"]
[Black "Snopek, Jiri"]
[Result "1/2-1/2"]
[WhiteElo "1620"]
[BlackElo "1840"]
[PlyCount "28"]
[EventDate "2009.05.02"]
[EventType "swiss"]
[EventRounds "9"]
[EventCountry "CZE"]
[SourceTitle "EXT 2011"]
[Source "ChessBase"]
[SourceDate "2010.11.26"]
[SourceVersion "1"]
[SourceVersionDate "2010.11.26"]
[SourceQuality "1"]

1. c4 e6 2. g3 d5 3. cxd5 exd5 4. Bg2 Nf6 5. Nc3 c6 6. d3 Bf5 7. Nf3 Nbd7 8. 0-0 Bd6 9. Re1 0-0 10. Bg5 Qb6 11. Qd2 d4 12. Na4 Qb4 13. b3 Rac8 14. Red1 Qxd2 1/2-1/2

[Event "Ostrava Konik op-B"]
[Site "Ostrava"]
[Date "2007.05.??"]
[Round "2"]
[White "Pyka, Milan"]
[Black "Snopek, Jiri"]
[Result "1/2-1/2"]
[WhiteElo "1725"]
[BlackElo "1880"]
[PlyCount "41"]
[EventDate "2007.05.??"]
[EventType "swiss"]
[EventRounds "9"]
[EventCountry "CZE"]
[SourceTitle "EXT 2010"]
[Source "ChessBase"]
[SourceDate "2010.11.25"]
[SourceVersion "1"]
[SourceVersionDate "2010.11.25"]
[SourceQuality "1"]

1. e4 c6 2. d4 d5 3. exd5 cxd5 4. Bd3 Nc6 5. Nf3 Nf6 6. h3 e6 7. 0-0 Be7 8. Bg5 h6 9. Bh4 0-0 10. Nbd2 a6 11. c3 b6 12. a4 Bb7 13. Re1 Qc7 14. Ne5 Nxe5 15. dxe5 Ne8 16. Bxe7 Qxe7 17. Qg4 Nc7 18. Nf3 Rae8 19. Nd4 Qg5 20. Qxg5 hxg5 21. Re3 1/2-1/2

[Event "Ostrava Konik op-B"]
[Site "Ostrava"]
[Date "2007.05.??"]
[Round "3"]
[White "Snopek, Jiri"]
[Black "Stania, Petr"]
[Result "1-0"]
[WhiteElo "1880"]
[BlackElo "1715"]
[PlyCount "59"]
[EventDate "2007.05.??"]
[EventType "swiss"]
[EventRounds "9"]
[EventCountry "CZE"]
[SourceTitle "EXT 2010"]
[Source "ChessBase"]
[SourceDate "2010.11.25"]
[SourceVersion "1"]
[SourceVersionDate "2010.11.25"]
[SourceQuality "1"]

1. Nf3 Nc6 2. d4 d5 3. Bf4 e6 4. e3 a6 5. c4 Bb4+ 6. Nc3 Nge7 7. Qc2 h6 8. a3 Bxc3+ 9. bxc3 Ng6 10. Bg3 Nce7 11. Bd3 c6 12. Ne5 f5 13. f3 0-0 14. 0-0 Nxe5 15. Bxe5 Ng6 16. Bg3 h5 17. Qe2 h4 18. Be1 Bd7 19. cxd5 cxd5 20. c4 Ne7 21. Bxh4 Qe8 22. c5 Kf7 23. g4 g6 24. Rab1 Nc6 25. Bg3 Rh8 26. Be5 Rh7 27. Rf2 Qe7 28. e4 dxe4 29. fxe4 Rg8 30. Bd6 1-0

[Event "Karvina op"]
[Site "Karvina"]
[Date "2007.??.??"]
[Round "1"]
[White "Snopek, Jiri"]
[Black "Spirin, Oleg"]
[Result "0-1"]
[WhiteElo "1948"]
[BlackElo "2356"]
[PlyCount "88"]
[EventDate "2007.07.??"]
[EventType "swiss"]
[EventRounds "9"]
[EventCountry "CZE"]
[SourceTitle "EXT 2010"]
[Source "ChessBase"]
[SourceDate "2010.11.25"]
[SourceVersion "1"]
[SourceVersionDate "2010.11.25"]
[SourceQuality "1"]

1. Nf3 c5 2. c4 Nf6 3. g3 b6 4. Bg2 Bb7 5. 0-0 e6 6. e3 Be7 7. d4 0-0 8. b3 d6 9. Bb2 Nbd7 10. Nbd2 Qc7 11. Rc1 Rac8 12. Re1 a6 13. a4 Rfd8 14. Qe2 Qb8 15. Bh3 h6 16. Red1 Qa8 17. Bg2 Rc7 18. Ne1 Rdc8 19. Rc2 Bxg2 20. Nxg2 Qb7 21. Rcc1 Rb8 22. Nf4 b5 23. axb5 axb5 24. Nd3 bxc4 25. bxc4 Ne4 26. Nxe4 Qxe4 27. f3 Qb7 28. dxc5 Nxc5 29. Bd4 Nxd3 30. Rxd3 Rbc8 31. Rdd1 Qa6 32. Qb2 Bf8 33. c5 dxc5 34. Be5 Rb7 35. Qc2 Qc6 36. Kf2 c4 37. Rd4 Qb5 38. f4 f6 39. Bd6 e5 40. Rd2 exf4 41. Bxf4 c3 42. Qa2+ Qb3 43. Qxb3+ Rxb3 44. Rd7 Ba3 0-1